LDR 00964naa#a2200181#i#450# 001 EN\INFRA-M\bibl\116646 005 20260701151939.3 011 ## _a2306-1731 100 ## _a20260623b2026####ek#y0engy0150####ca 102 ## _aRU 200 1# _aThe Experience of Using Narrative Reading for Formation of Individual Components of Reading Competence in Older Preschool Children in German Language Classes _eJournal article 210 1# _aMoscow _cINFRA-M Academic Publishing LLC. _d2026 215 ## _a6 с. 608 ## _aJournal article _2local 675 ## _aНародное образование. Воспитание. Обучение. Организация досуга. 37 _aПреподавание отдельных учебных предметов. 372.8 _aОбучение языкам. 372.881.1 _aСтатистика. Демография. Социология. 31 _z 700 #1 _aDerevyanchenko _gElena Anatol'evna 700 #1 _aChicherina _gNadezhda Nikolaievna 856 4# _anaukaru.ru _u